| 000 | 00980cam a2200325 i 4500 | ||
|---|---|---|---|
| 001 | 20688 | ||
| 003 | CO-MdFUSB | ||
| 005 | 20211016121206.0 | ||
| 008 | 161115t2007 enkbao|g |||| 00| 0 eng d | ||
| 020 | _a978-0-8264-9633 | ||
| 040 |
_aCO-MdFUSB _bEspañol _cCO-MdFUSB _dCO-MdFUSB _erda |
||
| 041 | _aeng | ||
| 082 |
_224 _a270 _bB784c |
||
| 100 | 1 |
_aBowden, John _eautor |
|
| 245 | 0 | 2 |
_aA chronology of world christianity _c/ John Bowden ; with Margaret Lydamore, Hugh Bowden |
| 264 | 1 |
_aLondon : _bContinuum, _c[2007] |
|
| 264 | 4 | _c© 2007 | |
| 300 |
_axiv, 529 páginas _c; |
||
| 336 |
_2rdacontent _atexto _btxt |
||
| 337 |
_2rdamedia _asin mediación _bn |
||
| 338 |
_2rdacarrier _avolumen _bnc |
||
| 501 | _aPasta dura | ||
| 504 | _aIncluye índice (Páginas: 469-528) | ||
| 505 | _aUna cronología del mundo del cristianismo | ||
| 653 | _aChurch history | ||
| 653 | _ahistoria de iglesia | ||
| 942 | _cREF | ||
| 945 | _aEstudiante | ||
| 999 |
_c47039 _d47039 |
||